Rozpoznaj postać Blok Ekipy po cytacie - Statystyki

Ogólne statystyki
  • Ten quiz został rozwiązany 159 razy
  • Średni wynik to 7 z 7
Statystyki odpowiedzi
Hint Odpowiedź % Poprawnych
"Księga ulicy mówi jasno: (...)!" Spejson
100%
"Elo mordy, co tam szmondzicie?" Wojtas
97%
"I już dzwonimy do płokułatuły!" Rudy
96%
"Mam pewien plan!" Walu
94%
"Co jest, kurwa, 1-2-3?!" Cieślak
92%
"Cholerne mielone! Kiedyś mi dupsko od nich odpadnie." Wiesław Paleta
89%
"U siebie rób jak u siebie, a u obcego na odpierdol!" Pan Wiesio
88%
Nie znaleziono quizów pasujących do podanych kryteriów
Rozkład punktacji
Procent ludzi z każdym wynikiem
Percentyl według liczby udzielonych odpowiedzi
Twoja historia wyników
Nie rozwiązałeś tego quizu